000 00856nam a2200289Ia 4500
003 GCL
008 140319s9999 xx 000 0 ara d
020 _a5211169953
040 _aGCL /
_cGCL
082 0 4 _aط
_b001.2
_bد ب
100 1 _aنجم بو فاضل
245 1 0 _aبيئة للاكتشاف 000 الصحارى /
_cنجم بو فاضل
250 _aالاولى
260 _aبيروت :
_bدار المجانى ،
_c2005
300 _a41 ص ؛
_c24 سم
490 _aإلعب وتعلم
_v0
650 0 4 _aالجمال
650 0 4 _aالثقافة
650 0 4 _aالمعرفة
650 0 4 _aكتب الاطفال
650 0 4 _aالصحارى
650 0 4 _aالثعابين السامة
650 0 4 _aالحيوانات الصحراوية
650 0 4 _aالنعام
650 0 4 _aالمناطق الجافة
942 _2ddc
_cBK
999 _c9198
_d9198